| 000 | 00443nam a2200145Ia 4500 | ||
|---|---|---|---|
| 008 | 220214s9999 xx 000 0 und d | ||
| 022 | _a0043-8219 | ||
| 245 | 0 | _aWORLD AGRICULTURAL ECONOMICS AND RURAL SOCIOLOGY ABSTRACTS | |
| 260 |
_bCAB International, Wallingford, Oxon _aUK |
||
| 310 | _aM | ||
| 500 | _aEnding Volume & Year: 35, 1993 | ||
| 500 | _aMissing Volume: 22;23;31;33(1-7) | ||
| 500 | _aStarting Volume & Year: 5, 1963 | ||
| 942 | _cBJ | ||
| 999 |
_c691 _d691 |
||